Pokémon - Maître de la Ligue - Cynthia (DE/PS) - Statistiques

Statistiques générales
  • Ce quiz a été pris 17 fois
  • Le résultat moyen est 115 sur 174
Statistiques - réponses
Hint Réponse % Correct
Carchacrok
100%
Type Dragon
100%
Capacités | Capacités (Revanches) Séisme
100%
Type Sol
100%
Niv 60
92%
Niv 61
92%
Niv 63
92%
Niv 66
92%
Type Acier
92%
Capacités Bombe Beurk
92%
Type Combat
92%
Type Eau
92%
Type Fée
92%
Type Plante
92%
Type Poison
92%
Spiritomb
92%
Togekiss
92%
Type Vol
92%
Niv | Niv (Combat 2) 76
83%
Niv (Combat 2) 78
83%
Niv (Combat 3) 84
83%
Niv 85
83%
Niv (Combat 3) 86
83%
Niv (Combat 3) 88
83%
Capacités Laser Glace
83%
Lucario
83%
Milobellus
83%
Type Normal
83%
Roserade
83%
Type Spectre
83%
Type Ténèbres
83%
Tritosor
83%
Niv (Combat 2) 74
75%
Capacités Aurasphère
75%
Capacités Ball'Ombre
75%
Capacités | Capacités (Revanches) Close Combat
75%
Capacités Draco-Griffe
75%
Capacités Psyko
75%
Capacités Tonnerre
75%
Capacités Éclat Magique
67%
Capacités Lame d'Air
67%
Capacités Vibrobscur
67%
Objet Baie Sitrus
58%
Capacités Ébullition
58%
Capacités Lame de Roc
58%
Porygon-Z
58%
Capacités Telluriforce
58%
Objet Bandeau Choix
50%
Capacités Cage Éclair
50%
Capacités Déflagration
50%
Capacités Direct Toxik
50%
Capacités Draco-Choc
50%
Capacités Éco-Sphère
50%
Capacités Exploforce
50%
Capacités Luminocanon
50%
Talent Peau Dure
50%
Talent Pression
50%
Objet Restes
50%
Capacités Soin
50%
Capacités Atterrissage
42%
Objet | Objet (Revanches) Ceinture Force
42%
Capacités Colère
42%
Capacités Danse Lames
42%
Objet Mouchoir Choix
42%
Capacités Pisto-Poing
42%
Capacités Poing Glace
42%
Talent Point Poison
42%
Capacités Tomberoche
42%
Capacités Ultralaser
42%
Capacités (Revanches) Vitesse Extrême
42%
Capacités Voile Miroir
42%
Talent Attention
33%
Capacités Coup Bas
33%
Capacité (Revanches, remplace 3) Feu Follet
33%
Talent Lavabo
33%
Capacités Nœud Herbe
33%
Objet Orbe Flamme
33%
Capacités (Revanches) Poing-Météore
33%
Capacités Poing Météore
33%
Talent Sérénité
33%
Talent Adaptabilité
25%
Objet Baie Nanone
25%
Talent Écaille Spéciale
25%
Capacités Feu Ensorcelé
25%
Capacités Machination
17%
Objet Baie Prine
8%
Objet Ceinture Pro
8%
Objet Lunettes Sages
8%
Aucun quiz correspondant
Distribution des résultats
% des personnes avec chaque résultat
Percentile par nombre de réponses
Votre historique - résultats
Vous n’avez pas pris ce quiz